[Event "Plzen op-C 9th"]
[Site "Plzen"]
[Date "2003.??.??"]
[Round "4"]
[White "Baborovsky, J."]
[Black "Soutner, Jaroslav"]
[Result "1-0"]
[WhiteElo "1862"]
[BlackElo "1695"]
[PlyCount "93"]
[EventDate "2003.08.??"]
[EventType "swiss"]
[EventRounds "9"]
[EventCountry "CZE"]
[SourceTitle "EXT 2005"]
[Source "ChessBase"]
[SourceDate "2004.11.15"]
[SourceVersion "1"]
[SourceVersionDate "2004.11.15"]
[SourceQuality "1"]

1. e4 e5 2. Nf3 Nc6 3. Bc4 Bc5 4. c3 Nf6 5. d4 exd4 6. cxd4 Bb4+ 7. Bd2 Bxd2+ 8. Nbxd2 d5 9. exd5 Nxd5 10. Nb3 0-0 11. 0-0 Nce7 12. h3 c6 13. Bd3 h6 14. Re1 Bf5 15. Nc5 Qc7 16. Qd2 Bxd3 17. Nxd3 Rae8 18. Nde5 Nf6 19. Nh4 Rd8 20. Rac1 Rd5 21. Rc3 c5 22. Nhf3 Rfd8 23. Qc2 Rc8 24. b4 b6 25. Rc1 Nc6 26. Nxc6 Qxc6 27. bxc5 bxc5 28. Rxc5 Rxc5 29. Qxc5 Qxc5 30. Rxc5 Rxc5 31. dxc5 Kf8 32. Nd4 Nd5 33. Kf1 g6 34. Ke1 Nb4 35. a3 Nd3+ 36. Kd2 Nxc5 37. f3 a6 38. Kc3 Ke7 39. Nb3 Kd6 40. Kb4 Nxb3 41. Kxb3 Kc5 42. Ka4 Kb6 43. Kb4 a5+ 44. Kc4 Kc6 45. g3 h5 46. f4 f5 47. a4 1-0